[Event "Montreal Mercredi 11"]
[Site "Montreal"]
[Date "2016.11.30"]
[Round "3"]
[White "Robidoux, Julien"]
[Black "Esterez, Emmanuel"]
[Result "1/2-1/2"]
[WhiteElo "1895"]
[BlackElo "1874"]
[PlyCount "94"]
[EventDate "2016.11.16"]
[EventType "swiss"]
[EventRounds "5"]
[EventCountry "CAN"]
[SourceTitle "EXT 2022"]
[Source "ChessBase"]
[SourceDate "2021.10.06"]
[SourceVersion "1"]
[SourceVersionDate "2021.10.06"]
[SourceQuality "1"]

1. e4 c6 2. c4 e5 3. Nf3 d6 4. h3 f5 5. d4 fxe4 6. Nxe5 dxe5 7. Qh5+ Kd7 8. Qxe5 Bb4+ 9. Nc3 Nf6 10. Bf4 Re8 11. Qg5 Qe7 12. 0-0-0 Bd6 13. Be3 Qf7 14. Be2 Qg6 15. Qa5 Ke7 16. c5 Bg3 17. fxg3 Qxg3 18. Kd2 Nd5 19. Nxd5+ cxd5 20. Rdf1 Nc6 21. Qc3 Bd7 22. h4 Ke6 23. Bg5 Qxg2 24. Qh3+ Qxh3 25. Rxh3 Ne5 26. dxe5 Kxe5 27. Bf4+ Kd4 28. Be3+ Ke5 29. Rg3 g6 30. h5 Bf5 31. hxg6 hxg6 32. Kc3 b6 33. Bd4+ Ke6 34. b4 bxc5 35. Bxc5 Rh8 36. Kd4 Rh2 37. Ke3 a5 38. b5 Rc8 39. Bd4 Rc2 40. Bd1 Rxa2 41. Kf4 Rad2 42. Be3 Rb2 43. b6 Rb4 44. Bg1 Rhb2 45. Ra3 e3+ 46. Kxe3 Rxb6 47. Rxa5 R2b5 1/2-1/2

[Event "Montreal Mercredi 10"]
[Site "Montreal"]
[Date "2016.11.09"]
[Round "5"]
[White "Beaulieu, Pierre"]
[Black "Esterez, Emmanuel"]
[Result "1/2-1/2"]
[WhiteElo "1885"]
[BlackElo "1919"]
[PlyCount "103"]
[EventDate "2016.10.12"]
[EventType "swiss"]
[EventRounds "5"]
[EventCountry "CAN"]
[SourceTitle "EXT 2022"]
[Source "ChessBase"]
[SourceDate "2021.10.06"]
[SourceVersion "1"]
[SourceVersionDate "2021.10.06"]
[SourceQuality "1"]

1. Nf3 c5 2. b3 Nc6 3. Bb2 d5 4. e3 a6 5. Be2 Nf6 6. 0-0 Bf5 7. d3 e6 8. Nh4 Bg6 9. Nd2 Be7 10. g3 0-0 11. f4 Nd7 12. Ndf3 Bf6 13. Nxg6 hxg6 14. d4 b5 15. Qd2 Qc7 16. Rfc1 c4 17. b4 a5 18. a3 Ra6 19. c3 Nb6 20. Bd1 Rfa8 21. Ne1 Ne7 22. Rab1 axb4 23. axb4 Nec8 24. Bc2 Nd6 25. Kg2 Ra2 26. Nf3 Na4 27. Bxa4 R8xa4 28. Qe1 Be7 29. Kh1 g5 30. Nd2 Qc6 31. Qd1 gxf4 32. exf4 Ne4 33. Kg1 f5 34. Rc2 Qe8 35. Bc1 Ra1 36. Bb2 Rxb1 37. Nxb1 g5 38. Bc1 g4 39. Be3 Qa8 40. Kg2 Kf7 41. Nd2 Ra2 42. Nxe4 dxe4 43. Rxa2 Qxa2+ 44. Qd2 Qb3 45. d5 Bf6 46. dxe6+ Kxe6 47. Bc5 Bxc3 48. Qd6+ Kf7 49. Qd7+ Kg6 50. Qe6+ Bf6 51. Qg8+ Bg7 52. Qe6+ 1/2-1/2

[Event "Montreal op U2000"]
[Site "Montreal"]
[Date "2016.09.11"]
[Round "5.29"]
[White "Esterez, Emmanuel"]
[Black "Langlois Remillard, Alexis"]
[Result "0-1"]
[WhiteElo "1899"]
[BlackElo "1873"]
[PlyCount "44"]
[EventDate "2016.09.09"]
[EventType "swiss"]
[EventRounds "5"]
[EventCountry "CAN"]
[SourceTitle "EXT 2022"]
[Source "ChessBase"]
[SourceDate "2021.10.06"]
[SourceVersion "1"]
[SourceVersionDate "2021.10.06"]
[SourceQuality "1"]

1. c4 c5 2. Nf3 Nf6 3. Nc3 b6 4. g3 Bb7 5. Bg2 e6 6. 0-0 Be7 7. d4 cxd4 8. Nxd4 Bxg2 9. Kxg2 a6 10. e4 Qc7 11. Qe2 Nc6 12. Nc2 0-0 13. Bf4 d6 14. Rad1 Na5 15. b3 b5 16. Qf3 bxc4 17. b4 Nc6 18. a3 Nd7 19. Rd2 Nde5 20. Rfd1 Nxf3 21. Kxf3 Rfd8 22. b5 Ne5+ 0-1

[Event "Quebec op U2000"]
[Site "Montreal"]
[Date "2001.07.24"]
[Round "5"]
[White "Airapetyan, David"]
[Black "Esterez, Emmanuel"]
[Result "0-1"]
[WhiteElo "1849"]
[BlackElo "1889"]
[PlyCount "76"]
[EventDate "2001.07.21"]
[EventType "swiss"]
[EventRounds "9"]
[EventCountry "CAN"]
[SourceTitle "EXT 2022"]
[Source "ChessBase"]
[SourceDate "2021.10.06"]
[SourceVersion "1"]
[SourceVersionDate "2021.10.06"]
[SourceQuality "1"]

1. d4 Nf6 2. e3 d6 3. Bd3 e5 4. dxe5 dxe5 5. Nc3 Nc6 6. a3 Be6 7. b3 a6 8. Bb2 Nd5 9. Bc4 Nxc3 10. Qxd8+ Nxd8 11. Bxe6 Nxe6 12. Bxc3 f6 13. Nf3 Bc5 14. Nd2 b5 15. Ne4 Bb6 16. 0-0-0 Ke7 17. Rd3 Rhd8 18. Rhd1 Rxd3 19. Rxd3 Rd8 20. a4 Rxd3 21. cxd3 bxa4 22. bxa4 g6 23. Kc2 f5 24. Nd2 f4 25. Nc4 fxe3 26. fxe3 e4 27. Nxb6 exd3+ 28. Kxd3 cxb6 29. Kc4 Kd6 30. g4 Kc6 31. h4 h5 32. g5 Kd6 33. Bf6 Nc5 34. Kb4 Nd3+ 35. Kc3 Ne5 36. Bd8 b5 37. axb5 axb5 38. Kb4 Nc6+ 0-1

[Event "Montreal op"]
[Site "Montreal"]
[Date "2001.??.??"]
[Round "6"]
[White "Esterez, Emmanuel"]
[Black "Charbonneau, Anne Marie"]
[Result "0-1"]
[WhiteElo "2047"]
[BlackElo "1901"]
[PlyCount "70"]
[EventDate "2001.??.??"]
[EventType "swiss"]
[EventRounds "6"]
[EventCountry "CAN"]
[SourceTitle "EXT 2003"]
[Source "ChessBase"]
[SourceDate "2002.11.25"]
[SourceVersion "1"]
[SourceVersionDate "2002.11.25"]
[SourceQuality "1"]

1. e4 c5 2. Nf3 d6 3. d4 cxd4 4. Nxd4 Nf6 5. Nc3 e6 6. Be3 Be7 7. Be2 0-0 8. 0-0 Nc6 9. f4 a6 10. Bf3 Qc7 11. Nb3 Rb8 12. a4 b6 13. g4 Bb7 14. Qe2 Rfd8 15. g5 Nd7 16. f5 Nde5 17. fxe6 fxe6 18. Bg4 Bc8 19. Qg2 Bd7 20. Rad1 Rf8 21. Be2 Qb7 22. Rxf8+ Rxf8 23. Rf1 Rxf1+ 24. Qxf1 Nb4 25. Nd4 Nec6 26. Nxc6 Bxc6 27. Bc4 d5 28. exd5 exd5 29. Bb3 Bc5 30. Qf2 Qe7 31. Nd1 Qe6 32. c3 Nd3 33. Qf3 Nc1 34. Bxc5 bxc5 35. Bc2 d4 0-1